| 000 | 01067cam a22003255a 4500 | ||
|---|---|---|---|
| 001 | 12453161 | ||
| 003 | EG-ScBUE | ||
| 005 | 20220307092706.0 | ||
| 008 | 010626s2001 enka f b 001 0deng d | ||
| 020 | _a0192801449 | ||
| 020 | _a9780192801449 | ||
| 040 |
_aDLC _beng _erda _cDLC _dDLC _dEG-ScBUE |
||
| 043 | _ae-ru--- | ||
| 082 | 0 | 4 |
_222 _a891.709 _bKEL |
| 100 | 1 |
_aKelly, Catriona, _eauthor. |
|
| 245 | 1 | 0 |
_aRussian literature : _ba very short introduction / _cCatriona Kelly. |
| 264 | 1 |
_aOxford : _bOxford University Press, _c2001. |
|
| 300 |
_a164 pages : _billustrations ; _c18 cm. |
||
| 336 |
_2rdacontent _atext _btxt |
||
| 337 |
_2rdamedia _aunmediated _bn |
||
| 338 |
_2rdacarrier _avolume _bnc |
||
| 490 | 0 |
_aVery short introductions ; _v53 |
|
| 504 | _aIncludes bibliographical references and index. | ||
| 600 | 1 | 7 |
_aPushkin, Aleksandr Sergeevich, _d1799-1837 _xInfluence. _2BUEsh |
| 650 | 7 |
_aRussian literature _xHistory and criticism. _2BUEsh |
|
| 651 | _2BUEsh | ||
| 653 |
_bHHUUEENN _cApril2017 |
||
| 655 |
_vReading book _934232 |
||
| 942 |
_2ddc _cBB |
||
| 999 |
_c24738 _d24710 |
||